| 000 | 00714nam a22001937a 4500 | ||
|---|---|---|---|
| 999 |
_c64008 _d64008 |
||
| 003 | Ge_BSU | ||
| 005 | 20260309153157.0 | ||
| 008 | 260309s2005 eng||||| |||| 00| 0 eng d | ||
| 020 | _a 9781403970527x | ||
| 041 | _aeng | ||
| 080 | _a791.288(520) N-22 | ||
| 100 |
_aNapier, Susan J. _927083 |
||
| 245 |
_aAnime from Akira to Howl's Moving Castle: _bExperiencing Contemporary Japanese Animation / _c Susan J. Napier. |
||
| 264 |
_aNew York ; _bSt. Martin's Griffin, _c2005. |
||
| 300 |
_a360 p.: _bill.; _c21 cm. |
||
| 504 | _abibliogr. p.332-342 | ||
| 653 | _aთანამედროვე იაპონური ანიმაციის გამოცდილება | ||
| 942 |
_2udc _cᲬᲘᲒᲜᲘ |
||